000 00602nam a2200181 4500
001 132165
003 ES-MaACL
005 20230906194122.0
007 t|
008 070214s1977 sp r ||||1| spa d
100 1 _aRodríguez Valdés, Angel.
_998848
245 1 0 _aCoplas de la decadencia española
_b: contubernios y cachondeos : (España 1814-1898) /
_cAngel Rodríguez Valdés ; ilustra: Alfredo González.
250 _a1ª ed.
260 _aMadrid :
_bSedmay,
_c1977.
300 _a211 p., 34 lám. ;
_c27 cm.
700 1 _aGonzález, Alfredo.
_958274
852 _aES-MaACL
_jA-7539
_bR.96179
999 _c132165
_d132165